000 02841nam a22003497a 4500
005 20080814104839.0
010 _aB-448469-479
020 _a9780143062059
_c400.00
035 _aB-448469-479
037 _bBPPD/KK Pub/Ven
082 _a332.10954
100 _aAiyar, Mani Shankar
_944933
245 _aConfessions of a secular fundamentalist /
_cby Mani Shankar Aiyar
260 _aNew Delhi
_bPenguin Books
_c2006
270 _a11, Community Centre, Panchsheel Park,
_bNew Delhi
_e110017
300 _axix290p.
_c22cm.(pbk)
500 _aIncludes index-refrences
700 _944074
942 _2ddc
_cEN
_mAIY
_h322.10954
999 _c64239
_d64239